[Event "AUTO-OPEN-1562"]
[Site "http://www.queenalice.com/game.php?id=752640"]
[Date "2010.3.28"]
[Round "3"]
[White "Richardlim"]
[Black "Zaubernuss"]
[Result "1-0"]
[WhiteElo "2205"]
[BlackElo "2392"]

1. e4 c5 2. Nf3 e6 3. d4 cxd4 4. Nxd4 Nc6 5. Nc3 Qc7 6. Be2 a6 7. O-O Nf6 8. Be3
Bb4 9. Na4 Be7 10. Nxc6 bxc6 11. Nb6 Rb8 12. Nxc8 Qxc8 13. Bd4 Qc7 14. Bxa6 e5
15. Bc3 O-O 16. Qe1 Qb6 17. Qe2 Rfe8 18. Bxe5 d6 19. Bc3 d5 20. Bd3 d4 21. Bd2
Qxb2 22. e5 Bf8 23. f4 Nd5 24. Qe4 g6 25. f5 Kh8 26. Rae1 Ne3 27. fxg6 fxg6 28.
Rf6 Qxa2 29. Qxd4 Nd5 30. Rxc6 Nb4 31. Rxg6 Bc5 32. Qxc5 Nxd3 33. e6 hxg6 34.
Bc3+ Kh7 35. Qc7+ Kh6 36. Qg7+ Kh5 37. g4+ 1-0

[Event "AUTO-OPEN-1562"]
[Site "http://www.queenalice.com/game.php?id=752641"]
[Date "2010.3.28"]
[Round "3"]
[White "Zaubernuss"]
[Black "Richardlim"]
[Result "0-1"]
[WhiteElo "2408"]
[BlackElo "2178"]

1. c4 Nf6 2. Nc3 e5 3. g3 Bb4 4. Bg2 O-O 5. e4 Bxc3 6. dxc3 d6 7. Bg5 Be6 8. b3
h6 9. Bxf6 Qxf6 10. f3 Qg6 11. Bh3 Nd7 12. Kf2 f5 13. exf5 Bxf5 14. Kg2 c6 15.
Bxf5 Rxf5 16. Nh3 Raf8 17. Rf1 e4 18. f4 Ne5 19. Qe2 Nf3 20. Rad1 Re8 21. Qe3
Rh5 22. Rxf3 exf3+ 23. Qxf3 Qc2+ 24. Nf2 Re2 25. Rf1 Rf5 26. Kg1 Qxa2 27. g4 Rf7
28. f5 Rfe7 29. f6 Rf7 30. Ne4 Qc2 31. Nxd6 Rxf6 32. Nf5 g6 33. Nxh6+ Kh7 34.
Qh3 Rxh2 0-1

[Event "AUTO-ELITE-528"]
[Site "http://www.queenalice.com/game.php?id=757863"]
[Date "2010.4.8"]
[Round "1"]
[White "Zaubernuss"]
[Black "Jerick"]
[Result "1-0"]
[WhiteElo "2356"]
[BlackElo "2268"]

1. c4 e5 2. g3 Nf6 3. Bg2 Bc5 4. Nc3 O-O 5. e3 d6 6. Nge2 Nc6 7. d4 Bb6 8. O-O
Bf5 9. h3 Re8 10. d5 Nd4 11. exd4 Qe7 12. Be3 Nd7 13. Re1 Qf6 14. Qd2 Qg6 15. b3
Nf6 16. dxe5 Bxe3 17. Qxe3 Rxe5 18. Qd2 Rae8 19. Nd4 Qh6 20. f4 Bxh3 21. Nf3
Rxe1+ 22. Rxe1 Bd7 23. Rxe8+ Nxe8 24. Ne4 Kf8 25. Nh4 b6 26. Bf3 f5 27. Ng5 g6
28. Qd4 Qg7 29. Qxg7+ Kxg7 30. Ng2 h6 31. Nh3 Nf6 32. Ne3 Kf7 33. Nc2 Ne4 34.
Bxe4 fxe4 35. Nf2 Bf5 36. Ne3 h5 37. Nxf5 gxf5 38. Nd1 Kf6 39. Ne3 a6 40. Kg2
Kg6 41. Kh3 Kf6 42. Kh4 Kg6 43. a3 a5 44. a4 1-0

[Event "AUTO-ELITE-528"]
[Site "http://www.queenalice.com/game.php?id=757864"]
[Date "2010.4.8"]
[Round "1"]
[White "Jerick"]
[Black "Zaubernuss"]
[Result "0-1"]
[WhiteElo "2153"]
[BlackElo "2371"]

1. e4 c5 2. Ne2 Nc6 3. d4 cxd4 4. Nxd4 e6 5. Nb5 d6 6. Bf4 e5 7. Bg5 Qxg5 8.
Nc7+ Kd8 9. Nxa8 Nf6 10. Nc3 Nd4 11. Qd3 d5 12. Rd1 Bd7 13. Rd2 Bd6 14. Qe3 Qg6
15. f4 Bc5 16. f5 Qh5 17. Qd3 Kc8 18. Qg3 Re8 19. Bd3 Qh6 20. exd5 Kb8 21. h4
Kxa8 22. Qg5 e4 23. Be2 e3 24. Rd3 Nxc2+ 25. Kf1 Nd4 26. g4 Nxe2 27. Kxe2 Qxg5
28. hxg5 Nxg4 29. b4 Bxf5 30. Rdd1 Bxb4 31. Nb5 Kb8 32. Rc1 Nf2 33. Nd4 Bg4+ 34.
Kf1 Nxh1 35. Kg2 e2 36. Nxe2 Rxe2+ 37. Kxh1 Bd2 0-1

[Event "AUTO-ELITE-528"]
[Site "http://www.queenalice.com/game.php?id=757865"]
[Date "2010.4.8"]
[Round "1"]
[White "Zaubernuss"]
[Black "Matrick"]
[Result "1-0"]
[WhiteElo "2401"]
[BlackElo "2345"]

1. c4 e5 2. g3 Nc6 3. Nc3 g6 4. Bg2 Bg7 5. e4 Nge7 6. Nge2 d6 7. d3 O-O 8. O-O
Bg4 9. f3 Be6 10. Nd5 f5 11. Be3 Qd7 12. Qd2 Rf7 13. Rac1 Raf8 14. b3 fxe4 15.
dxe4 a5 16. Rc3 b6 17. Rd3 Nb4 18. Nxb4 Nc6 19. Nxc6 Qxc6 20. Nc3 Rd8 21. Nd5
Rdf8 22. Bg5 1-0

[Event "AUTO-ELITE-528"]
[Site "http://www.queenalice.com/game.php?id=757866"]
[Date "2010.4.8"]
[Round "1"]
[White "Matrick"]
[Black "Zaubernuss"]
[Result "0-1"]
[WhiteElo "2365"]
[BlackElo "2387"]

1. e4 c5 2. Nf3 e6 3. d4 cxd4 4. Nxd4 Nc6 5. Nc3 Qc7 6. Be3 a6 7. Bd3 Nf6 8. O-O
Nxd4 9. Bxd4 Bc5 10. Bxc5 Qxc5 11. Kh1 d6 12. f4 e5 13. Na4 Qa5 14. c4 Bd7 15.
Nc3 O-O 16. Nd5 Nxd5 17. cxd5 f6 18. Rf2 Rac8 19. a3 Qb6 20. f5 Qxf2 0-1

[Event "QA-ANNIV-05"]
[Site "http://www.queenalice.com/game.php?id=758997"]
[Date "2010.4.10"]
[Round "4"]
[White "Zaubernuss"]
[Black "zhiii00"]
[Result "1-0"]
[WhiteElo "2398"]
[BlackElo "2091"]

1. c4 Nf6 2. Nc3 g6 3. g3 Bg7 4. Bg2 O-O 5. e3 d6 6. Nge2 e5 7. O-O Nc6 8. d3
Rb8 9. b3 Bd7 10. h3 a6 11. e4 b5 12. Be3 Nh5 13. Rc1 Ne7 14. g4 Nf6 15. Qd2 c5
16. f4 Ne8 17. f5 Kh8 18. Rf2 gxf5 19. exf5 f6 20. Ng3 Bc6 21. Nce4 Ng8 22. Nxc5
dxc5 23. Bxc6 Qd6 24. cxb5 1-0

[Event "AUTO-OPEN-1556"]
[Site "http://www.queenalice.com/game.php?id=770311"]
[Date "2010.5.3"]
[Round "3"]
[White "Zaubernuss"]
[Black "ekup"]
[Result "1-0"]
[WhiteElo "2376"]
[BlackElo "1960"]

1. c4 c5 2. g3 Nc6 3. Bg2 Nf6 4. Nc3 d6 5. Nf3 e6 6. d4 cxd4 7. Nxd4 Be7 8. Nxc6
bxc6 9. Bxc6+ Bd7 10. Bxa8 Qxa8 11. f3 O-O 12. O-O Bc6 13. Be3 Rd8 14. Qc2 d5
15. cxd5 exd5 16. Bd4 Qb7 17. Rac1 Bd7 18. Rfd1 Be6 19. Na4 Bd6 20. Nc5 Bxc5 21.
Qxc5 Nd7 22. Qxa7 Qxa7 23. Bxa7 Nf6 24. Bd4 Nd7 25. Rc7 h6 26. a4 Nb8 27. Rdc1
Na6 28. Rb7 1-0

[Event "AUTO-OPEN-1556"]
[Site "http://www.queenalice.com/game.php?id=770312"]
[Date "2010.5.3"]
[Round "3"]
[White "ekup"]
[Black "Zaubernuss"]
[Result "0-1"]
[WhiteElo "1986"]
[BlackElo "2380"]

1. e4 c5 2. Nf3 e6 3. d4 cxd4 4. Nxd4 Nc6 5. Bc4 a6 6. O-O Qc7 7. c3 Nf6 8. Bd3
Be7 9. Bc2 O-O 10. Kh1 d5 11. exd5 Nxd5 12. Nxc6 bxc6 13. Qd3 g6 14. Bh6 Rd8 15.
Qe2 c5 16. Nd2 Bb7 17. Ne4 Nf4 18. Qe3 e5 19. Rad1 f5 20. f3 fxe4 21. fxe4 Rxd1
22. Rxd1 Rd8 23. Rf1 Ne6 24. Qf3 Bg5 25. Bxg5 Nxg5 26. Qf6 Nf7 27. Bb3 c4 28.
Bc2 Rd2 29. Ba4 Bxe4 30. Rg1 Qb7 31. Qf1 Rxb2 32. Be8 Rb1 33. Bxf7+ Qxf7 34.
Qxf7+ Kxf7 35. Rxb1 Bxb1 36. a3 e4 37. Kg1 e3 38. Kf1 Bd3+ 39. Ke1 g5 0-1

[Event "QA-ANNIV-05"]
[Site "http://www.queenalice.com/game.php?id=841341"]
[Date "2010.10.3"]
[Round "6"]
[White "Zaubernuss"]
[Black "allazzarini"]
[Result "1-0"]
[WhiteElo "2381"]
[BlackElo "2128"]

1. c4 Nf6 2. Nc3 g6 3. g3 Bg7 4. Bg2 O-O 5. e3 d6 6. Nge2 c6 7. O-O e5 8. d4
Nbd7 9. b3 Qe7 10. Qc2 Rd8 11. Ba3 exd4 12. Nxd4 Ng4 13. Nde2 Nde5 14. h3 Nh6
15. Rad1 f5 16. e4 fxe4 17. Nxe4 Bf5 18. N2c3 Nhf7 19. f4 Nd7 20. g4 Bxe4 21.
Nxe4 c5 22. Bb2 Re8 23. Bxg7 Kxg7 24. Rfe1 Qf8 25. Nc3 Rab8 26. Nb5 a6 27. Nc7
Rxe1+ 28. Rxe1 Kg8 29. Ne6 Qh6 30. g5 Qh4 31. Qc3 Nde5 32. fxe5 Nxe5 33. Rxe5
1-0

[Event "AUTO-ELITE-528"]
[Site "http://www.queenalice.com/game.php?id=852117"]
[Date "2010.10.29"]
[Round "2"]
[White "Zaubernuss"]
[Black "BEIGEBOOK"]
[Result "1-0"]
[WhiteElo "2398"]
[BlackElo "2288"]

1. c4 e5 2. g3 Nf6 3. Bg2 d5 4. cxd5 Nxd5 5. Nf3 Nc6 6. O-O Be6 7. d4 exd4 8.
Nxd4 Nxd4 9. Qxd4 c6 10. e4 Nb4 11. Qc3 Nxa2 12. Qe3 Nxc1 13. Rxc1 Qb8 14. Qc3
Bd6 15. f4 O-O 16. Nd2 Qd8 17. Kh1 Qe7 18. Nf3 Bb4 19. Qc2 1-0

[Event "AUTO-ELITE-528"]
[Site "http://www.queenalice.com/game.php?id=852118"]
[Date "2010.10.29"]
[Round "2"]
[White "BEIGEBOOK"]
[Black "Zaubernuss"]
[Result "0-1"]
[WhiteElo "2297"]
[BlackElo "2389"]

1. d4 f5 2. Bf4 Nf6 3. e3 g6 4. Nf3 Bg7 5. Bc4 e6 6. O-O O-O 7. Nbd2 Kh8 8. c3
d6 9. Qb3 Qe7 10. Ng5 d5 11. Be2 c6 12. Qb4 Qxb4 13. cxb4 h6 14. Ngf3 Nbd7 15.
b5 cxb5 16. Bxb5 Ne4 17. Rfd1 g5 0-1

[Event "AUTO-OPEN-1566"]
[Site "http://www.queenalice.com/game.php?id=871459"]
[Date "2010.12.13"]
[Round "3"]
[White "cunha"]
[Black "Zaubernuss"]
[Result "1-0"]
[WhiteElo "2824"]
[BlackElo "2408"]

1. e4 c5 2. Nf3 e6 3. d4 cxd4 4. Nxd4 Nf6 5. Nc3 Bb4 6. e5 Nd5 7. Bd2 Nxc3 8.
bxc3 Be7 9. Qg4 Kf8 10. Bd3 h5 11. Qe2 d6 12. exd6 Qxd6 13. O-O Nc6 14. Be3 Bd7
15. Nb5 Qb8 16. Rab1 g6 17. Rfd1 Be8 18. Be4 h4 19. h3 Bf6 20. Nd6 b6 21. Nxe8
Qxe8 22. Qf3 1-0

[Event "AUTO-OPEN-1566"]
[Site "http://www.queenalice.com/game.php?id=871460"]
[Date "2010.12.13"]
[Round "3"]
[White "Zaubernuss"]
[Black "cunha"]
[Result "0-1"]
[WhiteElo "2407"]
[BlackElo "2825"]

1. c4 Nf6 2. Nc3 e5 3. Nf3 Nc6 4. e4 Bb4 5. d3 O-O 6. g3 d6 7. Bg2 Bg4 8. O-O
Nd4 9. a3 Bc5 10. b4 Bb6 11. Be3 a5 12. b5 Bc5 13. Nb1 h5 14. Nbd2 h4 15. Re1 h3
16. Bf1 Nd7 17. Be2 Nxe2+ 18. Qxe2 f5 19. Bxc5 Nxc5 20. exf5 Qc8 21. Qe3 Qxf5
22. Nh4 Qxd3 23. f3 Qxe3+ 24. Rxe3 Be6 0-1

[Event "QA-ANNIV-05"]
[Site "http://www.queenalice.com/game.php?id=885930"]
[Date "2011.1.13"]
[Round "7"]
[White "popcorn"]
[Black "Zaubernuss"]
[Result "0-1"]
[WhiteElo "2209"]
[BlackElo "2406"]

1. d4 f5 2. c4 Nf6 3. g3 e6 4. Bg2 c6 5. Nc3 d5 6. Qb3 Bd6 7. Nf3 O-O 8. O-O
Nbd7 9. cxd5 exd5 10. Ng5 Nb6 11. e4 fxe4 12. Ncxe4 Nxe4 13. Nxe4 Be7 14. a4 Nc4
15. Nd2 Nxd2 16. Bxd2 Bf6 17. Be3 Rf7 18. Qc2 a5 19. Rac1 Qb6 20. Rfd1 g6 21. b3
Bf5 22. Qc3 Re8 23. Re1 Rfe7 24. Kf1 Be4 25. Bxe4 Rxe4 26. Red1 Bg7 27. Qd3 Qd8
28. Kg2 R8e6 29. Qd2 Bf8 30. Qd3 Bb4 31. Qe2 Qe7 32. Qf1 Qe8 33. Rd3 Rf6 34. Qd1
Qe6 35. Rc2 Rf5 36. h3 Bd6 37. g4 Rf7 38. Qg1 Rxg4+ 0-1

[Event "AUTO-OPEN-1559"]
[Site "http://www.queenalice.com/game.php?id=944701"]
[Date "2011.5.31"]
[Round "3"]
[White "rsgaspar"]
[Black "Zaubernuss"]
[Result "0-1"]
[WhiteElo "2028"]
[BlackElo "2407"]

1. e4 e6 2. d4 d5 3. e5 b6 4. Nf3 Qd7 5. Bd3 Ba6 6. Bxa6 Nxa6 7. Qe2 Nb8 8. O-O
c5 9. c4 dxc4 10. Rd1 Qb7 11. Nbd2 b5 12. a4 a6 13. dxc5 Nd7 14. axb5 axb5 15.
Rxa8+ Qxa8 0-1

[Event "AUTO-OPEN-1559"]
[Site "http://www.queenalice.com/game.php?id=944702"]
[Date "2011.5.31"]
[Round "3"]
[White "Zaubernuss"]
[Black "rsgaspar"]
[Result "1-0"]
[WhiteElo "2408"]
[BlackElo "2026"]

1. c4 c6 2. Nf3 e6 3. Nc3 d5 4. e3 Nf6 5. b3 c5 6. cxd5 exd5 7. d4 Nc6 8. Bb5
cxd4 9. Nxd4 Qc7 10. Bb2 a6 11. Be2 Bd6 12. Bf3 O-O 13. Rc1 Bd7 14. Nxc6 bxc6
15. h3 1-0

[Event "AUTO-OPEN-1559"]
[Site "http://www.queenalice.com/game.php?id=944703"]
[Date "2011.5.31"]
[Round "3"]
[White "PapaChess"]
[Black "Zaubernuss"]
[Result "0-1"]
[WhiteElo "2077"]
[BlackElo "2410"]

1. d4 e6 2. e4 d5 3. e5 b6 4. f4 Ne7 5. Nf3 Qd7 6. Bd3 Ba6 7. Qe2 Bxd3 8. Qxd3
h5 9. Be3 Nf5 10. Bf2 Be7 11. Nc3 c5 12. Ne2 Nc6 13. c3 c4 14. Qc2 b5 15. g3 b4
16. O-O Rb8 17. h3 Qd8 18. Kg2 b3 19. axb3 Rxb3 20. Ra6 Qd7 21. Rfa1 Qb7 22.
R1a2 Kd7 23. g4 hxg4 24. hxg4 Nh6 25. g5 Nf5 26. Ng3 g6 27. Nxf5 gxf5 28. Be3
Rb8 29. Bc1 Qc8 0-1

[Event "AUTO-OPEN-1559"]
[Site "http://www.queenalice.com/game.php?id=944704"]
[Date "2011.5.31"]
[Round "3"]
[White "Zaubernuss"]
[Black "PapaChess"]
[Result "1-0"]
[WhiteElo "2409"]
[BlackElo "2080"]

1. c4 Nf6 2. Nc3 c6 3. Nf3 d5 4. e3 e6 5. b3 Bb4 6. Bb2 Nbd7 7. Qc2 a6 8. Be2
Qe7 9. Rg1 b6 10. g4 Bb7 11. g5 Nh5 12. Nh4 h6 13. Ng6 fxg6 14. Qxg6+ Kd8 15.
Qxh5 Kc7 16. cxd5 exd5 17. Rc1 Bxc3 18. dxc3 c5 19. c4 d4 20. exd4 Raf8 21. d5
Rf5 22. Qh3 Re8 23. Qd3 Kc8 24. gxh6 gxh6 25. Rg3 Qf8 26. Re3 Ne5 27. Bxe5 Rfxe5
28. Rxe5 Rxe5 29. Rc3 Rg5 30. Qh3+ 1-0

[Event "QA-ANNIV-05"]
[Site "http://www.queenalice.com/game.php?id=983082"]
[Date "2011.9.9"]
[Round "10"]
[White "puddschini"]
[Black "Zaubernuss"]
[Result "1-0"]
[WhiteElo "2556"]
[BlackElo "2411"]

1. e4 e6 2. d4 d5 3. Nc3 Nf6 4. Bg5 Bb4 5. e5 h6 6. Bd2 Bxc3 7. bxc3 Ne4 8. Qg4
Kf8 9. Nf3 c5 10. Bd3 Nxd2 11. Kxd2 c4 12. Be2 Nc6 13. a4 Bd7 14. Rhb1 b6 15.
Ke1 Kg8 16. Kf1 Kh7 17. Kg1 Rg8 18. Ra2 f5 19. exf6 gxf6 20. Qf4 Qe7 21. Qd2
Rad8 22. g3 Be8 23. Nh4 Qg7 24. Kh1 e5 25. Rf1 Bg6 26. Bf3 Qd7 27. Rb2 Rg7 28.
Re1 e4 29. Be2 Bf5 30. Qf4 Rg5 31. Ng2 Ne7 32. a5 b5 33. a6 Bh3 34. Nh4 Nf5 35.
Rg1 Nxh4 36. Qxh4 Be6 37. Qf4 Rf5 38. Qe3 Rg5 39. Ra1 Rb8 40. Ra5 Rb6 41. Rb1
Qc6 42. Kg1 Bd7 43. Rba1 Qd6 44. Kh1 f5 45. f4 Rg6 46. Qc1 Kg7 47. Bh5 Rf6 48.
Kg2 Kf8 49. Qb2 Ke7 50. Kf2 Kd8 51. Qb4 Qxb4 52. cxb4 Bc8 53. Ke3 Rxa6 54. Rxa6
Bxa6 55. c3 Kc7 56. g4 fxg4 57. Bxg4 Bb7 58. Rxa7 Rg6 59. h3 h5 60. f5 Rg8 61.
Bxh5 Rg3+ 62. Kf2 Rxh3 63. Bg4 Rh8 64. Ke3 Rh2 65. f6 Rh6 66. f7 Rf6 67. Bh5 Rf5
68. Ra1 Kd6 69. Rg1 Ke7 70. Rg8 Rxf7 71. Bxf7 Kxf7 72. Rb8 Bc6 73. Rb6 Bd7 74.
Rd6 Be6 75. Kf4 Ke7 76. Ke5 Bf7 77. Rb6 e3 78. Rb7+ Kf8 79. Kf6 e2 80. Rxf7+ 1-0